| 000 | 00488nam a22001937a 4500 | ||
|---|---|---|---|
| 003 | LK-CoMWRAF | ||
| 005 | 20231117153411.0 | ||
| 008 | 231117b |||||||| |||| 00| 0 eng d | ||
| 020 | _a9789830053493 | ||
| 040 |
_aLK-CoMWRAF _dLK-CoMWRAF _eLK-CoMWRAF |
||
| 041 | _aeng | ||
| 082 |
_a823 _bLEE |
||
| 100 | _aLee, Lorraine | ||
| 245 | _aA Day at the seaside | ||
| 260 |
_aMalaysia : _bPenergbitan pelangi, _c2014 |
||
| 650 | _aChildren books | ||
| 700 |
_aFoo, Roy _eills. |
||
| 942 | _cBK | ||
| 999 |
_c4109 _d4109 |
||